European Countries by Picture - Statistics

General Stats
  • This quiz has been taken 3,084 times
    2,786 since last reset
  • The average score is 21 of 45
Answer Stats
Picture Answer % Correct
France
100%
Russia
86%
United Kingdom
86%
Germany
80%
Italy
79%
Greece
78%
Belgium
77%
Ireland
75%
Croatia
72%
Switzerland
67%
Denmark
62%
Hungary
59%
Monaco
59%
Iceland
56%
Belarus
52%
Norway
52%
Bulgaria
49%
Ukraine
48%
Bosnia and Herzegovina
46%
Austria
43%
Vatican City
43%
Andorra
42%
Malta
41%
Czechia
39%
Liechtenstein
38%
Slovenia
37%
North Macedonia
35%
Romania
35%
Latvia
34%
Netherlands
34%
San Marino
34%
Poland
33%
Sweden
33%
Finland
32%
Slovakia
32%
Kosovo
31%
Lithuania
31%
Portugal
29%
Luxembourg
28%
Estonia
27%
Montenegro
27%
Spain
26%
Moldova
21%
Serbia
20%
Albania
19%
No matching quizzes found
Score Distribution
Percent of People with Each Score
Percentile by Number Answered
Your Score History
You have not taken this quiz since the last reset